| 000 | 00509nam a22001937a 4500 | ||
|---|---|---|---|
| 003 | AR-RoUNCS | ||
| 005 | 20260602153201.0 | ||
| 007 | ta | ||
| 008 | 260602s2018 ag a||||r|||| 00| 0 spa d | ||
| 020 | _a9789874598080 | ||
| 040 |
_cAR-RoUNCS _aAR-RoUNCS _bspa |
||
| 041 | _aspa | ||
| 080 | _0(038)=134.2 | ||
| 245 | 0 | 0 | _aDiccionario ilustrado de la lengua española. |
| 260 |
_a[Buenos Aires] : _bJM, _ci2018. |
||
| 300 |
_a592 p. : _bil. ; _c14 cm. |
||
| 650 | 4 |
_aESPAÑOL _vDICCIONARIOS |
|
| 942 |
_2udc _cOG _n0 |
||
| 999 |
_c1034 _d1034 |
||